000
00323nam a2200133Ia 4500
005
20251222144627.0
008
251222s9999||||xx |||||||||||||| ||spa||
020
_a
88-7305-770-5
082
_a
818.5/C547
100
_a
Chevalier, Tracy
245
0
_a
La Ragazza con Lórecchino di Perla
264
_b
Vicenza
942
_c
LIB
999
_c
16170
_d
16170